Normal view
MARC view
- Sahoo.Gagan
Entry Personal Name
001 - CONTROL NUMBER
- control field: 256
003 - CONTROL NUMBER IDENTIFIER
- control field: JO-AjAnu
005 - DATE AND TIME OF LATEST TRANSACTION
- control field: 20230606070338.0
008 - FIXED-LENGTH DATA ELEMENTS
- fixed length control field: 230606|| aca||aabn | a|a d
040 ## - CATALOGING SOURCE
- Original cataloging agency: JO-AjAnu
- Transcribing agency: JO-AjAnu
100 ## - HEADING--PERSONAL NAME
- Personal name: Sahoo.Gagan
670 ## - SOURCE DATA FOUND
- Source citation: Work cat.: (JO-AjAnu)134: Sahoo.Gagan, author, Benginners Guide TO C# 2005 Wite.Net 3.0